[Event "Challenge"]
[Site "http://www.queenalice.com/game.php?id=1159427"]
[Date "2013.3.9"]
[Round "-"]
[White "AndersonSouza"]
[Black "KnightChess"]
[Result "0-1"]
[WhiteElo "1593"]
[BlackElo "1618"]

1. b3 e5 2. Bb2 Nc6 3. a3 d5 4. g3 Nf6 5. h3 Be7 6. Bg2 O-O 7. e3 Bc5 8. b4 Bd6
9. Ne2 Be6 10. g4 Nd7 11. d3 f6 12. Nd2 Ne7 13. Rg1 Kh8 14. Rb1 Rg8 15. Nb3 g6
16. Ng3 c6 17. c3 Qc7 18. d4 e4 19. Qe2 Bxg3 20. fxg3 Qxg3+ 21. Qf2 Qc7 22. Kd2
b6 23. Ke2 Raf8 24. Kd2 Rf7 25. Ke2 Nf8 26. Kd2 f5 27. gxf5 Nxf5 28. Qe1 Ng3 29.
Nc1 Nd7 30. Ne2 Nxe2 31. Kxe2 Rgf8 32. Rf1 Rxf1 33. Bxf1 Qh2+ 34. Kd1 Bxh3 35.
Bxh3 Qxh3 36. Kc2 Qg2+ 37. Kb3 Nf6 38. Ba1 Ng4 39. Rb2 Rf2 40. Rxf2 Qxf2 41.
Qxf2 Nxf2 42. Kc2 h5 43. Kb3 h4 44. c4 h3 45. Bc3 h2 46. Be1 Nd3 47. Bg3 h1=Q
48. cxd5 Qb1+ 49. Kc3 Qb2+ 0-1

[Event "+ uma"]
[Site "http://www.queenalice.com/game.php?id=1168900"]
[Date "2013.4.6"]
[Round "-"]
[White "heberesteves"]
[Black "KnightChess"]
[Result "0-1"]
[WhiteElo "1613"]
[BlackElo "1731"]

1. e4 e5 2. Nf3 Nc6 3. d4 exd4 4. Nxd4 Nf6 5. Nc3 Bb4 6. Nxc6 Bxc3+ 7. bxc3 bxc6
8. e5 Nd5 9. c4 Nb6 10. c5 Nd5 11. Bc4 O-O 12. Bxd5 cxd5 13. Qxd5 c6 14. Qf3
Qa5+ 15. Bd2 Qxc5 16. O-O Qxc2 17. Bf4 Qf5 18. a4 a5 19. Rad1 f6 20. exf6 Qxf6
21. Bd6 Qxf3 22. gxf3 Rxf3 23. Rfe1 Ba6 24. Re7 h6 25. Kg2 Raf8 26. Rd2 h5 27.
Rxd7 R8f6 28. Be5 Rf7 29. Rd8+ Kh7 30. Ra8 R3f5 31. Bc3 Rg5+ 32. Kh1 Bc4 33.
Bxa5 Bd5+ 34. Rxd5 cxd5 35. Be1 Re7 36. Bd2 Rg6 37. f4 Re2 38. Bb4 Rf2 39. f5
Rf1# 0-1

[Event "Challenge"]
[Site "http://www.queenalice.com/game.php?id=1174800"]
[Date "2013.4.24"]
[Round "-"]
[White "fougalios"]
[Black "KnightChess"]
[Result "1-0"]
[WhiteElo "1695"]
[BlackElo "1754"]

1. d4 Nf6 2. Nf3 g6 3. Bf4 Bg7 4. h3 O-O 5. e3 d6 6. c3 Nbd7 7. Nbd2 c5 8. a4
Nb6 9. a5 Nbd5 10. Bh2 cxd4 11. exd4 a6 12. Be2 Nd7 13. O-O e5 14. dxe5 dxe5 15.
Qb3 Nc5 16. Qc4 Qd6 17. Rfd1 Be6 18. Ne4 Nxe4 19. Qxe4 f5 20. Qa4 f4 21. c4 e4
22. Ng5 Qe5 23. Nxe6 Qxe6 24. cxd5 Qf5 25. Bg4 Qg5 26. Be6+ Kh8 27. Qxe4 f3 28.
Qg4 Qf6 29. gxf3 Qxf3 30. Qxf3 Rxf3 31. d6 Bxb2 32. Rab1 Bg7 33. Rxb7 h5 34. d7
Bf6 35. Rb8+ Rxb8 36. Bxb8 Bd8 37. Be5+ Kh7 38. Rc1 Bh4 39. Bg3 Bg5 40. Rc8 Rd3
41. Bc7 Rd1+ 42. Kg2 Bf6 43. d8=Q Bxd8 44. Bxd8 1-0

[Event "AUTO-OPEN-2913"]
[Site "http://www.queenalice.com/game.php?id=1175848"]
[Date "2013.4.27"]
[Round "2"]
[White "KnightChess"]
[Black "anafab"]
[Result "0-1"]
[WhiteElo "1724"]
[BlackElo "1973"]

1. d4 d5 2. c4 e6 3. a3 c5 4. e3 cxd4 5. Nf3 dxe3 6. Bxe3 Nf6 7. Nc3 Be7 8. Bd3
dxc4 9. Qa4+ Bd7 10. Qxc4 O-O 11. O-O Nc6 12. Rad1 Rc8 13. Qh4 Qa5 14. Ne4 Nd5
15. Neg5 h6 0-1

[Event "AUTO-OPEN-2913"]
[Site "http://www.queenalice.com/game.php?id=1175849"]
[Date "2013.4.27"]
[Round "2"]
[White "anafab"]
[Black "KnightChess"]
[Result "1-0"]
[WhiteElo "1979"]
[BlackElo "1680"]

1. d4 Nf6 2. Nc3 g6 3. e4 d6 4. Bg5 Bg7 5. e5 dxe5 6. dxe5 Nfd7 7. f4 O-O 8. Nf3
h6 9. Bh4 f6 10. Bc4+ Kh8 11. Qe2 Nc6 12. e6 Nb6 13. Rd1 Qe8 14. Nb5 Nd8 15. Bb3
Nxe6 16. Bxe6 Bxe6 17. Nxc7 1-0

[Event "AUTO-OPEN-2913"]
[Site "http://www.queenalice.com/game.php?id=1175852"]
[Date "2013.4.27"]
[Round "2"]
[White "KnightChess"]
[Black "CliffOliveira"]
[Result "1-0"]
[WhiteElo "1619"]
[BlackElo "1887"]

1. d4 Nf6 2. c4 g6 3. Nc3 Bg7 4. e3 O-O 5. Nf3 d6 6. Bd3 Nbd7 7. O-O e5 8. b4
exd4 9. Nxd4 Ne5 10. Be2 Bg4 11. f3 Bd7 12. h3 Nh5 13. Qe1 c5 14. bxc5 dxc5 15.
Ndb5 a6 16. Nd6 Qc7 17. Nce4 f5 18. Ng3 Nxg3 19. Qxg3 Qxd6 20. Bb2 Nxc4 21.
Bxc4+ 1-0

[Event "AUTO-OPEN-2913"]
[Site "http://www.queenalice.com/game.php?id=1175853"]
[Date "2013.4.27"]
[Round "2"]
[White "CliffOliveira"]
[Black "KnightChess"]
[Result "0-1"]
[WhiteElo "1868"]
[BlackElo "1646"]

1. d4 Nf6 2. c4 g6 3. Nc3 Bg7 4. e4 d6 5. Bd3 O-O 6. Nge2 Nbd7 7. O-O c6 8. f4
e6 9. e5 dxe5 10. fxe5 Nh5 11. g4 Qh4 12. gxh5 f5 13. Ng3 Qxd4+ 14. Kh1 Nxe5 15.
Rf4 Qxd3 16. Rd4 Qf3+ 17. Qxf3 Nxf3 18. Rd1 g5 19. Kg2 f4 20. Kxf3 fxg3+ 21.
Kxg3 h6 22. Be3 e5 23. Bc5 Rf4 24. Rd8+ Kh7 25. Rad1 Rg4+ 26. Kf2 b6 27. Bf8
Rf4+ 28. Kg2 Bxf8 29. Rxf8 Rxf8 0-1

[Event "Challenge"]
[Site "http://www.queenalice.com/game.php?id=1181950"]
[Date "2013.5.16"]
[Round "-"]
[White "gomestrovao"]
[Black "KnightChess"]
[Result "1-0"]
[WhiteElo "1769"]
[BlackElo "1693"]

1. e4 c5 2. d4 cxd4 3. Qxd4 Nc6 4. Qc3 a6 5. Bd3 e5 6. a3 Be7 7. Nf3 d6 8. h3 h6
9. O-O Nf6 10. Nbd2 O-O 11. Nc4 Nxe4 12. Bxe4 d5 13. Rd1 Be6 14. Ncxe5 Bf6 15.
Nxc6 1-0

[Event "Challenge"]
[Site "http://www.queenalice.com/game.php?id=1182373"]
[Date "2013.5.18"]
[Round "-"]
[White "smcneil"]
[Black "KnightChess"]
[Result "1-0"]
[WhiteElo "1793"]
[BlackElo "1718"]

1. e4 c5 2. Nc3 Nc6 3. Bc4 e6 4. Nf3 a6 5. a4 d6 6. O-O Be7 7. d3 Nf6 8. b3 O-O
9. Be3 e5 10. Nd5 Nxd5 11. Bxd5 Nd4 12. Bxd4 cxd4 13. a5 Qc7 14. Qd2 h6 15. b4
Bd7 16. Rac1 Rac8 17. Ne1 Bg5 18. f4 Bxf4 19. Rxf4 exf4 20. Nf3 Be6 21. Nxd4 1-0

[Event "Challenge"]
[Site "http://www.queenalice.com/game.php?id=1182374"]
[Date "2013.5.18"]
[Round "-"]
[White "KnightChess"]
[Black "smcneil"]
[Result "0-1"]
[WhiteElo "1705"]
[BlackElo "1806"]

1. d4 c5 2. c3 c4 3. e4 b5 4. a4 Bb7 5. Nd2 a6 6. axb5 d5 7. Ngf3 dxe4 8. Ne5
axb5 9. Rxa8 Bxa8 10. b3 Bd5 11. bxc4 bxc4 12. Ndxc4 e6 13. Qa4+ Nd7 14. Nb6 Nf6
15. Bb5 Qc7 16. Bb2 Bd6 17. Nexd7 Nxd7 18. Bxd7+ Ke7 19. Nxd5+ exd5 20. Qc6 Qxd7
0-1

[Event "mesa 41"]
[Site "http://www.queenalice.com/game.php?id=1184862"]
[Date "2013.5.26"]
[Round "-"]
[White "Herbert_Paulo"]
[Black "KnightChess"]
[Result "1-0"]
[WhiteElo "1977"]
[BlackElo "1736"]

1. e4 c6 2. d4 d5 3. exd5 cxd5 4. Nf3 Nf6 5. Nc3 e6 6. Bg5 Nbd7 7. Be2 Be7 8.
O-O O-O 9. Ne1 a6 10. f4 b5 11. a3 Bb7 12. Nf3 h6 13. Bh4 Ne4 14. Bxe7 Qxe7 15.
Nxe4 dxe4 16. Ne5 Nxe5 17. fxe5 Rad8 18. c3 Qg5 19. Kh1 e3 20. Bf3 Ba8 21. Bxa8
Rxa8 22. Rf3 f5 23. Rg3 Qf4 24. Qe2 Qf2 25. Rxe3 Qxe2 26. Rxe2 f4 27. Rd1 Rf5
28. d5 f3 29. gxf3 Rd8 30. d6 1-0

[Event "mesa 50"]
[Site "http://www.queenalice.com/game.php?id=1184871"]
[Date "2013.5.26"]
[Round "-"]
[White "Herbert_Paulo"]
[Black "KnightChess"]
[Result "1-0"]
[WhiteElo "1983"]
[BlackElo "1730"]

1. e4 c5 2. Nf3 d6 3. d4 cxd4 4. Nxd4 Nf6 5. Nc3 a6 6. Be2 e6 7. O-O Be7 8. Bg5
b5 9. a3 Bb7 10. Bf3 Nbd7 11. e5 Nd5 12. Bxe7 Qxe7 13. exd6 Qxd6 14. Ne4 Qc7 15.
c3 O-O 16. Qd3 Rad8 17. Ng5 N5f6 18. Qe3 e5 19. Nc2 Ng4 20. Bxg4 Nb6 21. Bf3 Nc4
22. Qc1 Rd2 23. Bxb7 Qxb7 24. b3 Qe7 25. Ne4 Rxc2 26. Qxc2 Nxa3 27. Qe2 f5 28.
Ng3 g6 29. Qa2 1-0